00386nam a2200109Ia 4500008004100000020002200041041001200063100007300075245007500148260003200223650002100255231221s9999 xx 000 0 und d a978-0-387-72367-9 aEnglish aHein Venter, Mariki Eloff, Les Labuschagne, Jan Eloff, Rossouw Solms 0aNew Approaches for Security, Privacy and Trust in Complex Environments c2007bSpringer USaNew York aComputer Science